000 00807nam a22002177a 4500
999 _c18218
_d18218
003 AR-CdUCM
008 190513b ||||| |||| 00| 0 spa d
020 _a9972-9384-3-3
040 _aMUNICIPALIDAD PROVINCIAL DEL CUSCO
_cBIBLIOTECA MUNICIPAL DEL CUSCO
082 _a980 /
_bA69
100 _aArévalo Merejildo, James
_938680
245 _aCentros de poder en los andes:
_ainiciaciones solares :
_barqueo-astronomía inka /
260 _aCusco :
_bCBC,
_c2006.
300 _a400 páginas ;
_c25 cm.
505 _aContenido: El polo femenino del planeta -- EL mundo de Wiraqocha y de la Pachamama -- EL ombligo del mundo andina...
650 _aArqueoastronomía
_922252
650 _aObservaciones
_938681
650 _aÉpoca Prehispánica
_92714
942 _2ddc
_cLIBROS
945 _adavv
_d2019-05-13